000 00434nam a22001577a 4500
999 _c1073
_d1073
008 200109b ||||| |||| 00| 0 eng d
082 0 0 _a623.8886
_bR2886
100 _9642
_aReanney, Edward Webster
245 1 0 _aFire fighting on ships
_cby Edward Webster Reanney
250 _a1st
260 _aGlosgow
_bBrown Son & Ferguson
_c1946
300 _axi,112p.
365 _d5.10
650 0 _aShips Fires and Fire Prevention
942 _cBK